Care of the infant and young child. (Record no. 15157)

000 -LEADER
fixed length control field 00445nam a2200157 4500
040 ## - CATALOGING SOURCE
Transcribing agency DLC
082 00 - DEWEY DECIMAL CLASSIFICATION NUMBER
Classification number 610 W.B.S 1970 A054 Or.
245 00 - TITLE STATEMENT
Title Care of the infant and young child.
260 ## - PUBLICATION, DISTRIBUTION, ETC. (IMPRINT)
Place of publication Philadelphia,
Name of publisher W. B. Saunders Co.,
Year of publication 1970.
300 ## - PHYSICAL DESCRIPTION
Number of Pages vi, 373-547 p.
Other physical details illus., ports.
Dimensions 24 cm.
650 #0 - SUBJECT ADDED ENTRY--TOPICAL TERM
Topical Term Pediatric nursing.
650 #0 - SUBJECT ADDED ENTRY--TOPICAL TERM
Topical Term Ophthalmic nursing.
700 1# - ADDED ENTRY--PERSONAL NAME
Personal name Rothrock, E. Cleves,
700 1# - ADDED ENTRY--PERSONAL NAME
Personal name Wesseling, Elizabeth,
942 ## - ADDED ENTRY ELEMENTS (KOHA)
Koha item type សៀវភៅភាសាអង់គ្លេស

No items available.

មជ្ឈមណ្ឌលឯការនៃសាកលវិទ្យាល័យភូមិន្ទកសិកម្មចំការដូង

Powered by Koha